Statistics for Kpop Song by English Lyrics #5

Click here to take the quiz!

General Stats

  • This quiz has been taken 47 times
  • The average score is 7 of 28

Answer Stats

Hint Answer % Correct
Peaches and cream / sweeter than sweet / chocolate cheeks / and chocolate wingsBlood, Sweat & Tears
89%
Middle finger up, F-U pay me / '90s baby I pump up the jamBoombayah
76%
I'm the biggest hit / I'm the biggest hit on this stageCherry Bomb
74%
Welcome to my world let's do thisHard Carry
53%
I'm in the zone / We are CLCHobgoblin
53%
I like it, I'm twenty fivePalette
50%
We're going crazy, my lucky ladyLotto
42%
Heart b-b-b-beatRussian Roulette
39%
Oh move stupid like it's your birthdayB-Day
29%
I must let you knowSignal
26%
You need to let it go go / Leave me alone loneDon't Recall
21%
Y'all fake **** tryna act like meBermuda Triangle
21%
Does she love me / Does she love me notPretty U
18%
Let's make a night (woo oh woo oh) / Just you and I (woo oh woo oh)Hey Mama
18%
You're my super, super heroWee Woo
16%
Cause I'm fresh and clean from my head to my feet / I'm the definition of the word masterpieceMovie
13%
Apple juice watching Sing StreetCheck In
8%
It's the summer time, feel the summer vibe / Sing for them babyListen to My Word
8%
Can't nobody do it like you do the way you do it / Can't nobody do it like you do the way you do itBing Bing
8%
Butterflies in my mi-i-indNight Rather Than Day
8%
Yeah just stop acting like you didn't hear me, orQ&A
5%
I believe, I'll be over you11:11
5%
Baby don't you wanna star life?Celepretty
3%
You must make me crazy boy#LoveMe
3%
Yeah it must be burning / Cause I got you sweating in this weather / All them heads be turningHot Summer
3%
I got this feeling (aye bae)Drop
0%
E-e-e-e, it's 4Minute / E-e-e-e-o, get yo big *** home right nowIs it Poppin'?
0%
Hol'up mommy you needa relax / Go slow girl you movin' too fastApple
0%

Score Distribution

Percentile by Number Answered

Percent of People with Each Score

Your Score History

You have not taken this quiz